Statistiken für Wiener Bezirksteile - Karten-Quiz

Klicken Sie hier um das Quiz zu spielen!

Allgemein

  • Dieses Quiz wurde 46 mal gespielt
  • Das Durchschnittsergebnis liegt bei 21 aus 106

Antworten auf der Karte

Die Antworten werden auf der Karte rot bzw. grün angezeigt, abhängig davon wie oft sie richtig erraten wurden.
 

Antwortstatistiken

Antwort% Korrekt
Innere Stadt
76%
Favoriten
36%
Simmering
36%
Albern
32%
Brigittenau
32%
Erdberg
32%
Landstraße
32%
Stadlau
32%
Aspern
28%
Hütteldorf
28%
Jedlesee
28%
Kaiserebersdorf
28%
Leopoldau
28%
Leopoldstadt
28%
Mariahilf
28%
Neubau
28%
Stammersdorf
28%
Zwischenbrücken
28%
Dornbach
24%
Fünfhaus
24%
Gersthof
24%
Großjedlersdorf
24%
Gumpendorf
24%
Hacking
24%
Hadersdorf-Weidlingau
24%
Hernals
24%
Inzersdorf
24%
Jägerzeile
24%
Josefstadt
24%
Kagran
24%
Kaisermühlen
24%
Lainz
24%
Neulerchenfeld
24%
Nussdorf
24%
Oberlaa
24%
Ottakring
24%
Penzing
24%
Rodaun
24%
Unterdöbling
24%
Alservorstadt
20%
Althangrund
20%
Altlerchenfeld
20%
Donaufeld
20%
Floridsdorf
20%
Heiligenstadt
20%
Hietzing
20%
Lichtental
20%
Margareten
20%
Matzleinsdorf
20%
Michelbeuern
20%
Obermeidling
20%
Ober-St.-Veit
20%
Rossau
20%
Schottenfeld
20%
Sechshaus
20%
Siebenhirten
20%
Spittelberg
20%
Unterlaa
20%
Unter-St.-Veit
20%
Währing
20%
Wieden
20%
Breitenfeld
16%
Breitenlee
16%
Breitensee
16%
Erlaa
16%
Grinzing
16%
Himmelpfortgrund
16%
Hirschstetten
16%
Josefsdorf
16%
Kahlenbergerdorf
16%
Kalksburg
16%
Neuwaldegg
16%
Oberdöbling
16%
Pötzleinsdorf
16%
Speising
16%
Strebersdorf
16%
Strozzigrund
16%
Süßenbrunn
16%
Thurygrund
16%
Weinhaus
16%
Weißgerber
16%
Atzgersdorf
12%
Baumgarten
12%
Essling
12%
Mauer
12%
Rothneusiedl
12%
Rudolfsheim
12%
Salmannsdorf
12%
Sievering
12%
St. Ulrich
12%
Altmannsdorf
8%
Gaudenzdorf
8%
Hetzendorf
8%
Inzersdorf Stadt
8%
Laimgrube
8%
Neustift am Walde
8%
Untermeidling
8%
Windmühle
8%
Hundsturm
4%
Hungelbrunn
4%
Laurenzergrund
4%
Liesing
4%
Magdalenengrund
4%
Nikolsdorf
4%
Reinprechtsdorf
4%
Schaumburgergrund
4%

Verteilung der Resultate

Perzentil nach korrekt beantworteten Fragen

Anzahl Personen mit jedem Resultat

Ihre Resultats-Entwicklung

Sie haben dieses Quiz noch nicht gespielt